000 00227nam a2200097Ia 4500
005 20251222114350.0
008 251222s1900||||xx |||||||||||||| ||spa||
082 _aDVD0070/S29/1978
245 0 _aEl tambor de hojalata.
942 _cDVD
999 _c1225
_d1225